The ballad of Cable Hogue Γύπες πάνω από την έρημο

Έτος 1908. Η πάλαι ποτέ Άγρια Δύση έχει αλλάξει ριζικά. Όμως δεν συμβαίνει το ίδιο και με τον ψαρομάλλη Κέιμπλ Χογκ, έναν άνθρωπο των συνόρων. Παρά το γεγονός πως έχει κερδίσει μια ολόκληρη περιουσία πουλώντας νερό σε διψασμένους ταξιδιώτες, ο Κέιμπλ αρκείται στο να περιμένει. Διότι, κάποια μέρα, τα...

Πλήρης περιγραφή

Αποθηκεύτηκε σε:
Λεπτομέρειες βιβλιογραφικής εγγραφής
Άλλοι συγγραφείς: Peckinpah, Sam, 1925-1984 (Διευθυντής), Robards, Jason, 1892-1963 (Ηθοποιός), Stevens, Stella, 1936- (Ηθοποιός)
Μορφή: Διαφάνειες
Γλώσσα:English
Greek
Δημοσίευση: [S.l.] : Warner Bros Entertainment : Turner Entertainment, c2006.
Θέματα:
Ετικέτες: Προσθήκη ετικέτας
Δεν υπάρχουν, Καταχωρήστε ετικέτα πρώτοι!

MARC

LEADER 00000ngm a2200000 a 4500
001 1/126286
008 230313s2006####xx ||| | || ||eng||
040 |a GR-MyUa  |b gre  |c GR-MyUa  |e AACR2 
041 0 |a eng  |j gre 
082 7 |a 791.437   |2 (23) 
245 0 4 |a The ballad of Cable Hogue   |h [μαγνητοσκόπηση] =   |b Γύπες πάνω από την έρημο /   |c παραγωγή και σκηνοθεσία: Σαμ Πέκινπα. 
246 1 |i Παράλληλος τίτλος:   |a Γύπες πάνω από την έρημο 
260 |a [S.l.] :   |b Warner Bros Entertainment :   |b Turner Entertainment,   |c c2006. 
300 |a 1 βιντεοδίσκος (116 λεπτά) :   |b ομίλ., έγχρ. ;   |c 4 3/4 ίν. 
500 |a Κυκλοφόρησε πρώτη φορά ως κινηματογραφική ταινία το 1970. 
508 |a Μουσική, Jerry Goldsmith ; σενάριο, John Crawford, Edmund Penney. 
511 0 |a Jason Robards, Stella Stevens, David Warner, Strother Martin, Slim Pickens, L.Q. Jones, Peter Whitney, R.G. Armstrong. 
520 8 |a Έτος 1908. Η πάλαι ποτέ Άγρια Δύση έχει αλλάξει ριζικά. Όμως δεν συμβαίνει το ίδιο και με τον ψαρομάλλη Κέιμπλ Χογκ, έναν άνθρωπο των συνόρων. Παρά το γεγονός πως έχει κερδίσει μια ολόκληρη περιουσία πουλώντας νερό σε διψασμένους ταξιδιώτες, ο Κέιμπλ αρκείται στο να περιμένει. Διότι, κάποια μέρα, τα δύο καθάρματα που αρκετό καιρό πριν τον είχαν ληστέψει αφήνοντάς τον αιμόφυρτο να πεθάνει στην καυτή έρημο της Αριζόνα, θα περάσουν σίγουρα από εδώ και θα ζητήσουν να σβήσουν τη δίψα τους. 
546 |a Στα αγγλικά με υπότιτλους στα ελληνικά. 
650 0 |a Revenge  |v Drama. 
655 7 |a Feature films  |2 lcgft 
700 1 |a Peckinpah, Sam,   |d 1925-1984,  |e drt 
700 1 |a Robards, Jason,   |d 1892-1963,  |e act 
700 1 |a Stevens, Stella,   |d 1936-  |e act 
970 |a Κοντού  |b Παρασκευή  |z 13/03/2023